Normal view
MARC view
Entry Personal Name
001 - CONTROL NUMBER
- control field: 2612
003 - CONTROL NUMBER IDENTIFIER
- control field: BD-RjUL
005 - DATE AND TIME OF LATEST TRANSACTION
- control field: 20220420132557.0
008 - FIXED-LENGTH DATA ELEMENTS
- fixed length control field: 220420|| aca||aabn | a|a d
040 ## - CATALOGING SOURCE
- Original cataloging agency: BD-RjUL
- Transcribing agency: BD-RjUL
100 ## - HEADING--PERSONAL NAME
- Chronological subdivision: .
- Geographic subdivision:
670 ## - SOURCE DATA FOUND
- Source citation: Work cat.: (BD-RjUL)79352: Khan, Md. Mozibul Huq Azad 1244, Subjective well-being of the drug addicts and non-addicts in Bangladesh /, 2004